| 000 | 00872nam a2200217 a 4500 | ||
|---|---|---|---|
| 003 | 0 | ||
| 005 | 20250310145753.0 | ||
| 008 | 080827s19uu xx 00 eng d | ||
| 050 |
_aPGS HV 9069.5 _b.T136 2008 |
||
| 100 | _aTakeda, Aki D. | ||
| 245 |
_aAssociation of personal variables to types of offenses among juvenile delinquents / _cAki D. Takeda. |
||
| 260 |
_aLas PiƱas City, Philippines : _bSouthville International School and Colleges, _c2008. |
||
| 300 |
_a53 pages : _billustrations ; _c28 cm. |
||
| 504 | _aIncludes bibliographical references. | ||
| 650 |
_aJuvenile delinquents _vSocial conditions. |
||
| 650 |
_aJuvenile delinquency _vPsychological aspects. |
||
| 650 |
_aCrime and youth _vRisk factors. |
||
| 650 |
_aOffense patterns _vJuvenile delinquents. |
||
| 650 |
_aCriminal behavior _vPersonal characteristics. |
||
| 942 |
_2lcc _cPASS |
||
| 999 |
_c98026 _d98026 |
||